Avoid a VAT penalty (Record no. 73352)

MARC details
000 -LEADER
fixed length control field 00988cam a2200217 4500
001 - CONTROL NUMBER
control field WB3933-15
008 - FIXED-LENGTH DATA ELEMENTS--GENERAL INFORMATION
fixed length control field 030904n2003 000 0 eng u
035 ## - SYSTEM CONTROL NUMBER
System control number (Sirsi) u123494
245 ## - TITLE STATEMENT
Title Avoid a VAT penalty
260 ## - PUBLICATION, DISTRIBUTION, ETC.
Date of publication, distribution, etc. 2003
490 ## - SERIES STATEMENT
Series statement RICS News Service
Volume/sequential designation 3 September 2003 (1)
520 ## - SUMMARY, ETC.
Summary, etc. Businesses with a taxable turnover in excess of £56 000 have just four weeks left to voluntarily register for VAT to avoid having to pay a penalty. http://www.rics.org/ricscms/bin/show?class=News&template=/includes/shownews.html&id=6877. HM Customs and Excise press release, http://www.gnn.gov.uk/gnn/national.nsf/Daily+News/7C9851F0EB4D5ECF80256D95004B29EB?opendocument. HM Customs web pages on VAT registration http://www.hmce.gov.uk/business/vat/vatregist.htm.
590 ## - LOCAL NOTE (RLIN)
Local note WB
650 ## - SUBJECT ADDED ENTRY--TOPICAL TERM
Topical term or geographic name entry element VAT REGISTRATION
650 ## - SUBJECT ADDED ENTRY--TOPICAL TERM
Topical term or geographic name entry element HM CUSTOMS AND EXCISE
650 ## - SUBJECT ADDED ENTRY--TOPICAL TERM
Topical term or geographic name entry element PENALTY CHARGES
650 ## - SUBJECT ADDED ENTRY--TOPICAL TERM
Topical term or geographic name entry element BUSINESSES
650 ## - SUBJECT ADDED ENTRY--TOPICAL TERM
Topical term or geographic name entry element VOLUNTARY REGISTRATION
690 ## - LOCAL SUBJECT ADDED ENTRY--TOPICAL TERM (OCLC, RLIN)
Topical term or geographic name as entry element TAXATION
942 ## - ADDED ENTRY ELEMENTS (KOHA)
Suppress in OPAC 0
Holdings
Withdrawn status Lost status Source of classification or shelving scheme Damaged status Not for loan Home library Current library Shelving location Date acquired Total Checkouts Full call number Barcode Date last seen Copy number Price effective from Koha item type
    Dewey Decimal Classification     London London News article 04/09/2003   WB3933-15 123494-1001 06/08/2019 1 06/08/2019 News article